000 00358nam a2200121Ia 4500
008 240731s9999 xx 000 0 und d
022 _a1744-4187
245 0 _aEducational Research and Evaluation : An International Journal on Theory and Practice
260 _bRoutledge
856 _uhttps://www.tandfonline.com/loi/nere20
942 _2ddc
942 _cTFEJ
999 _c76378
_d76378
945 _a1
_bMadushi Gamage
_c1
_dMadushi Gamage